| 000 | 00994na a2200289 4500 | ||
|---|---|---|---|
| 001 | 22107 | ||
| 003 | MIRAKIL | ||
| 005 | 20181213155255.0 | ||
| 008 | 170210b tu 000 0 | ||
| 020 | _a9786053991304 | ||
| 035 | _a22107 | ||
| 040 |
_aMilas _btur _cTR-AnCHP |
||
| 041 | _atur | ||
| 082 |
_a306 _bK94 2009 |
||
| 090 | _a306 K94 2009 | ||
| 245 |
_aKültür politikaları ve yönetimi _byıllık 2009 _cİstanbul Bilgi Üniversitesi |
||
| 246 | _aKültür politikaları ve kentler | ||
| 260 |
_aİstanbul _bİstanbul Bilgi Üniversitesi Yayınları _c2016 |
||
| 300 |
_a189 s. _bfotg. _c24 sm. |
||
| 490 |
_aİstanbul Bilgi Üniversitesi yayınları _v268 |
||
| 490 |
_aKültürel İncelemeler _v4 |
||
| 500 | _aDış kapakta adı: Kültür politikaları ve yönetimi (KPY) yıllık 2009 | ||
| 650 |
_aAvrupa _xKültür politikaları _yYönetim |
||
| 650 |
_aKültür politikaları _xYönetim _zTürkiye |
||
| 740 | _aKültür politikaları ve kentler | ||
| 942 |
_2ddc _cBKS |
||
| 999 |
_c9743 _d9743 |
||